Sociálno-demografická charakteristika študentov vysokých škôl v Európe

Komparácia údajov vybraných demografických charakteristík a sociálno-ekonomického zázemia študentov vysokých škôl v štátoch Európy na základe výsledkov projektu Eurostudent IV 2008-2011.

Uložené v:
Podrobná bibliografia
Hlavný autor: Šulanová, Mária
Médium: Kapitola
Jazyk:Slovak
Predmet:
Tagy: Pridať tag
Žiadne tagy, Buďte prvý, kto otaguje tento záznam!

MARC

LEADER 00000naa a2200000 4500
001 0151027
005 20231114073850.1
041 0 |a slo 
044 |a SK 
245 1 0 |a Sociálno-demografická charakteristika študentov vysokých škôl v Európe  |c Mária Šulanová 
520 |a Komparácia údajov vybraných demografických charakteristík a sociálno-ekonomického zázemia študentov vysokých škôl v štátoch Európy na základe výsledkov projektu Eurostudent IV 2008-2011. 
610 2 0 |a univerzity 
610 2 0 |a školy vysoké 
610 2 0 |a štúdium vysokoškolské 
610 2 0 |a vzdelávanie vysokoškolské 
610 2 0 |a vysokoškoláci 
610 2 0 |a podmienky sociálne 
610 2 0 |a ukazovatele demografické 
610 2 0 |a porovnanie medzinárodné 
610 2 0 |a Európa 
100 1 |a Šulanová, Mária